000 00299nam a22001337a 4500
008 181107b xxu||||| |||| 00| 0 eng d
020 _a9780716777922
041 _aeng
080 _24 th
_a531
100 _a42
101 _aGEO
245 _aWorld Regional Geography
_cAlex.P
942 _2udc
_cBK
999 _c52105
_d52105